[Event "Hastings Weekend op-B"]
[Site "Hastings"]
[Date "2024.01.06"]
[Round "2"]
[White "Ellson, Louie"]
[Black "Waterfield, Mark"]
[Result "0-1"]
[WhiteElo "1704"]
[BlackElo "1746"]
[PlyCount "104"]
[EventDate "2024.01.06"]
[EventType "swiss"]
[EventRounds "5"]
[EventCountry "ENG"]
[SourceTitle "CB02_2024"]
[SourceDate "2024.01.10"]
[SourceVersion "1"]
[SourceVersionDate "2024.01.10"]
[SourceQuality "1"]

1. d4 d5 2. c4 e6 3. cxd5 exd5 4. Nf3 c5 5. Bg5 Be7 6. Bxe7 Nxe7 7. e3 Nbc6 8. Nc3 c4 9. e4 dxe4 10. Nxe4 Bf5 11. Ng3 Be6 12. Be2 Qa5+ 13. Qd2 Qxd2+ 14. Kxd2 Rd8 15. Kc3 b5 16. Rad1 Nd5+ 17. Kc2 Nf4 18. Rhg1 Nb4+ 19. Kb1 0-0 20. a3 Nxe2 21. Nxe2 Bf5+ 22. Ka1 Nc2+ 23. Ka2 b4 24. axb4 Nxb4+ 25. Ka3 Nc2+ 26. Ka2 Rd5 27. b3 Rb8 28. Nd2 Ra5+ 29. Kb2 cxb3 30. Nxb3 Rab5 31. Nec1 a5 32. Kc3 a4 33. Nc5 a3 34. g4 Bg6 35. Rd2 Nb4 36. Na2 Nd5+ 37. Kc4 Nf4 38. d5 Rb2 39. Rgd1 f6 40. d6 Bf7+ 41. Kd4 Rxa2 42. Rxa2 Bxa2 43. d7 Ne6+ 44. Kc3 Nd8 45. Ra1 Be6 46. Nxe6 Nxe6 47. Rxa3 Kf7 48. Kd2 Rd8 49. Ke3 Rxd7 50. Kf3 g5 51. Kg3 Nf4 52. f3 Rd2 0-1

[Event "Leamington Spa 4NCL op-B 26th"]
[Site "Leamington Spa"]
[Date "2021.09.11"]
[Round "3"]
[White "Iskauskas, Alexander"]
[Black "Waterfield, Mark"]
[Result "0-1"]
[WhiteElo "1893"]
[BlackElo "1756"]
[PlyCount "74"]
[EventDate "2021.09.10"]
[EventType "swiss"]
[EventRounds "5"]
[EventCountry "ENG"]
[SourceTitle "EXT 2023"]
[Source "ChessBase"]
[SourceDate "2022.10.05"]
[SourceVersion "1"]
[SourceVersionDate "2022.10.05"]
[SourceQuality "1"]

1. e4 e6 2. d4 d5 3. Nd2 c5 4. c3 cxd4 5. cxd4 Nc6 6. Ngf3 dxe4 7. Nxe4 Bb4+ 8. Bd2 Be7 9. Bc3 Nf6 10. Bd3 Nd5 11. 0-0 0-0 12. Rc1 b6 13. Bb1 Bb7 14. Qd3 g6 15. a3 Rc8 16. Rfe1 Nxc3 17. Rxc3 Kg7 18. Qd2 Na5 19. Rxc8 Bxc8 20. b4 Nb7 21. Re3 Nd6 22. h4 Nc4 23. Qe2 Nxe3 24. fxe3 Bb7 25. h5 Qa8 26. Ned2 Rc8 27. hxg6 hxg6 28. Ne5 Bf6 29. Qf1 Rc7 30. Ndc4 Ba6 31. Bd3 Bxc4 32. Nxc4 Qh8 33. Nd2 Qh6 34. Qf3 Rc1+ 35. Kf2 Qh4+ 36. Qg3 Qxg3+ 37. Kxg3 Rd1 0-1

[Event "English Online Blitz Gp1"]
[Site "Chess.com INT"]
[Date "2020.05.09"]
[Round "1"]
[White "Harvey, Marcus Ross"]
[Black "Waterfield, Mark"]
[Result "1-0"]
[WhiteElo "2440"]
[BlackElo "1641"]
[PlyCount "83"]
[EventDate "2020.05.09"]
[EventType "swiss (blitz)"]
[EventRounds "11"]
[EventCountry "ENG"]
[SourceTitle "CBM 196 Extra"]
[Source "ChessBase"]
[SourceDate "2020.07.31"]
[SourceVersion "1"]
[SourceVersionDate "2020.07.31"]
[SourceQuality "1"]

1. Nf3 f5 2. b3 Nf6 3. g3 e6 4. Bg2 Be7 5. 0-0 0-0 6. Bb2 d6 7. d4 Nbd7 8. c4 Ne4 9. Nfd2 Ndf6 10. f3 Nxd2 11. Nxd2 Qe8 12. e4 fxe4 13. Nxe4 Nd7 14. f4 Bf6 15. Nxf6+ Nxf6 16. Qe2 Qh5 17. Qxh5 Nxh5 18. d5 exd5 19. Bxd5+ Kh8 20. Rfe1 Nf6 21. Bxf6 gxf6 22. Re7 c6 23. Be4 f5 24. Bf3 b5 25. Bxc6 Rb8 26. cxb5 a6 27. a4 Rd8 28. Rae1 axb5 29. axb5 d5 30. Re8+ Rxe8 31. Rxe8+ Kg7 32. Bd7 Ra8 33. Rxc8 Ra1+ 34. Kg2 Rd1 35. Bxf5 d4 36. b6 d3 37. b7 d2 38. Rd8 Ra1 39. b8Q d1Q 40. Qe5+ Kh6 41. Qf6+ Kh5 42. Qg5# 1-0

[Event "English Online Blitz Gp1"]
[Site "Chess.com INT"]
[Date "2020.05.09"]
[Round "3"]
[White "Waterfield, Mark"]
[Black "Arkell, Keith C"]
[Result "0-1"]
[WhiteElo "1641"]
[BlackElo "2429"]
[PlyCount "48"]
[EventDate "2020.05.09"]
[EventType "swiss (blitz)"]
[EventRounds "11"]
[EventCountry "ENG"]
[SourceTitle "CBM 196 Extra"]
[Source "ChessBase"]
[SourceDate "2020.07.31"]
[SourceVersion "1"]
[SourceVersionDate "2020.07.31"]
[SourceQuality "1"]

1. e4 c6 2. Nf3 d5 3. Nc3 Bg4 4. h3 Bxf3 5. Qxf3 dxe4 6. Nxe4 Nd7 7. d3 Ngf6 8. Nxf6+ Nxf6 9. Bd2 e6 10. Be2 Qd5 11. 0-0 Qxf3 12. Bxf3 Be7 13. Bc3 0-0 14. Rad1 Rfd8 15. Rfe1 Nd5 16. Bd2 Bf6 17. Bc1 Nb4 18. Rd2 Nxa2 19. c3 Nxc1 20. Rxc1 Bg5 21. Rcd1 Bxd2 22. Rxd2 Rd7 23. d4 Rad8 24. Rd1 e5 0-1

[Event "English Online Blitz Gp2"]
[Site "Chess.com INT"]
[Date "2020.05.09"]
[Round "1"]
[White "Waterfield, Mark"]
[Black "Arkell, Keith C"]
[Result "0-1"]
[WhiteElo "1641"]
[BlackElo "2429"]
[PlyCount "98"]
[EventDate "2020.05.09"]
[EventType "swiss (blitz)"]
[EventRounds "11"]
[EventCountry "ENG"]
[SourceTitle "CBM 196 Extra"]
[Source "ChessBase"]
[SourceDate "2020.07.31"]
[SourceVersion "1"]
[SourceVersionDate "2020.07.31"]
[SourceQuality "1"]

1. e4 c6 2. Nf3 d5 3. Nc3 Bg4 4. h3 Bxf3 5. Qxf3 e6 6. Be2 Nd7 7. 0-0 dxe4 8. Nxe4 Ngf6 9. Nxf6+ Nxf6 10. Rd1 Be7 11. d4 0-0 12. c3 Re8 13. Be3 Qd5 14. Bd2 Qxf3 15. Bxf3 Red8 16. Be3 Rd7 17. Rd2 a6 18. a3 Rad8 19. Rad1 Nd5 20. Be2 b5 21. Bd3 g6 22. Be4 Kg7 23. g3 h6 24. h4 g5 25. hxg5 hxg5 26. Kg2 g4 27. Bxd5 cxd5 28. f3 gxf3+ 29. Kxf3 Rh8 30. Kg2 Kg6 31. Rh1 Rdd8 32. Rdd1 a5 33. Bd2 b4 34. axb4 axb4 35. cxb4 Rxh1 36. Rxh1 Rb8 37. Bc3 Bxb4 38. Kf3 Bxc3 39. bxc3 Rb2 40. Ke3 Rg2 41. Kf3 Rc2 42. Kf4 Kf6 43. Rh6+ Ke7 44. g4 Rxc3 45. Rh7 Rd3 46. Ke5 Re3+ 47. Kf4 Re4+ 48. Kg5 Rxd4 49. Kh6 Rxg4 0-1

[Event "English Online Blitz Gp2"]
[Site "Chess.com INT"]
[Date "2020.05.09"]
[Round "8"]
[White "Waterfield, Mark"]
[Black "Westwood, Richard D"]
[Result "1-0"]
[WhiteElo "1641"]
[BlackElo "2080"]
[PlyCount "135"]
[EventDate "2020.05.09"]
[EventType "swiss (blitz)"]
[EventRounds "11"]
[EventCountry "ENG"]
[SourceTitle "CBM 196 Extra"]
[Source "ChessBase"]
[SourceDate "2020.07.31"]
[SourceVersion "1"]
[SourceVersionDate "2020.07.31"]
[SourceQuality "1"]

1. e4 c5 2. Nf3 d6 3. Bb5+ Bd7 4. Bxd7+ Nxd7 5. 0-0 e5 6. c3 g6 7. d4 Bg7 8. dxe5 dxe5 9. Be3 Ngf6 10. Nbd2 0-0 11. Qc2 Qc7 12. Rfd1 Ng4 13. Nf1 Nxe3 14. Nxe3 Nb6 15. Rd2 Rfd8 16. Rad1 Bf6 17. c4 Kg7 18. Nd5 Nxd5 19. cxd5 Be7 20. Qc3 Bd6 21. Rc2 Qe7 22. Nd2 b5 23. a3 f6 24. Qd3 a6 25. Qe3 Rdc8 26. Nb3 c4 27. Na5 Bc5 28. Qe2 Qc7 29. Nc6 Qd6 30. Rcc1 Rc7 31. g3 Re8 32. Kg2 h5 33. h4 Rec8 34. Ra1 Rxc6 35. dxc6 Qxc6 36. Rd5 Bd4 37. Rc1 Rf8 38. b3 c3 39. Qd3 f5 40. Rxd4 exd4 41. Qxd4+ Kh6 42. Rxc3 Qxe4+ 43. Qxe4 fxe4 44. a4 Re8 45. axb5 axb5 46. Rc5 e3 47. fxe3 Rxe3 48. b4 Re8 49. Rxb5 Re2+ 50. Kf3 Rb2 51. Rb8 Kh7 52. b5 Rb3+ 53. Kg2 Kg7 54. b6 Kh7 55. Rb7+ Kh6 56. Rb8 Kg7 57. Kf2 Kh7 58. Rb7+ Kh6 59. Rb8 Kg7 60. Kg2 Kh7 61. b7 Kg7 62. Kh3 Kh7 63. Kg2 Kg7 64. Kf2 Kf7 65. Rh8 Rb2+ 66. Ke3 Rxb7 67. Rh7+ Kf6 68. Rxb7 1-0

[Event "Harrogate 4NCL op 24th"]
[Site "Harrogate"]
[Date "2020.01.18"]
[Round "3"]
[White "Waterfield, Mark"]
[Black "Barber, Andrew"]
[Result "0-1"]
[WhiteElo "1688"]
[BlackElo "1822"]
[PlyCount "38"]
[EventDate "2020.01.17"]
[EventType "swiss"]
[EventRounds "5"]
[EventCountry "ENG"]
[SourceTitle "CBM 195 Extra"]
[Source "ChessBase"]
[SourceDate "2020.05.31"]
[SourceVersion "1"]
[SourceVersionDate "2020.05.31"]
[SourceQuality "1"]

1. e4 c6 2. Nf3 d5 3. Nc3 Bg4 4. exd5 cxd5 5. Bb5+ Nc6 6. Ne5 Bxd1 7. Nxc6 Qb6 8. Nxd5 Qxb5 9. Nc7+ Kd7 10. Nxb5 bxc6 11. Nxa7 Bxc2 12. d3 Rxa7 13. Kd2 Ba4 14. b3 Bb5 15. a4 e6 16. Bb2 Ba6 17. Bd4 Rb7 18. Rhb1 Bb4+ 19. Ke3 f6 0-1